| 000 | 00664naa a2200217 4500 | ||
|---|---|---|---|
| 005 | 20260322212016.0 | ||
| 008 | data | ||
| 020 | _a0688014291 | ||
| 020 | _a9780688014292 | ||
| 092 | _a658 B527 1982 | ||
| 100 | 1 | _aBlanchard, Kenneth H. | |
| 245 | 1 | 4 |
_aThe one minute manager / _cKenneth H. Blanchard & Spencer Johnson. |
| 250 | _a1st Morrow ed. | ||
| 260 |
_aNew York : _bMorrow, _c1982. |
||
| 300 | _a111 p. : ill. ; 22 cm. | ||
| 350 | _a15 | ||
| 500 | _aReprint. Originally published: 2nd ed. La Jolla, CA : Blanchard-Johnson, 1981.;;Continued by: Putting the one minute manager to work. | ||
| 650 | 4 | _aMANAGEMENT | |
| 700 | 1 | _aJohnson, Spencer. | |
| 001 | data | ||
| 999 |
_c340 _d340 |
||